LDR 00840naa#a2200193#i#450# 001 EN\INFRA-M\bibl\118171 005 20260428104556.2 011 ## _a2305-7807 100 ## _a20260227b2026####ek#y0engy0150####ca 102 ## _aRU 200 1# _aMOTIVATION OF FINANCIAL AND CREDIT INSTITUTIONS’ STAFF: MODERN TOOLS AND WAYS OF IMPROVEMENT _eJournal article 210 1# _aMoscow _cINFRA-M Academic Publishing LLC. _d2026 215 ## _a5 с. 608 ## _aJournal article _2local 675 ## _aТеория и организация труда. Взаимоотношения между предприятием и персоналом, между работодателями и работающими, между трудом и капиталом. 331.1 _z 700 #1 _aSvistunov _gV. M. 700 #1 _aLobachyev _gV. V. 700 #1 _aTel'piz _gO. 856 4# _azh-szf.ru _u